Javier Lostalé : (Record no. 193465)

MARC details
000 -LEADER
campo de control de longitud fija 01733nam a2200445 i 4500
001 - NÚMERO DE CONTROL
campo de control 193465
003 - IDENTIFICADOR DE NÚMERO DE CONTROL
campo de control SpMaBN
005 - FECHA Y HORA DE LA ÚLTIMA TRANSACCIÓN
campo de control 20240906193509.0
007 - CAMPO FIJO DE DESCRIPCIÓN FÍSICA--INFORMACIÓN GENERAL
campo de control de longitud fija ta
008 - DATOS DE LONGITUD FIJA--INFORMACIÓN GENERAL
campo de control de longitud fija 240102s2022 sp | |||| 010 p spa
017 ## - NÚMERO DE COPYRIGHT O DE DEPÓSITO LEGAL
Número de copyright o de depósito legal M 15455-2022
Agencia que asigna Oficina Depósito Legal Madrid
020 ## - NÚMERO INTERNACIONAL ESTÁNDAR DEL LIBRO
Número Internacional Estándar del Libro 9788412566208
035 ## - NÚMERO DE CONTROL DEL SISTEMA
Número de control de sistema a7146222
040 ## - FUENTE DE CATALOGACIÓN
Centro catalogador/agencia de origen SpMaBN
Lengua de catalogación spa
Centro/agencia transcriptor SpMaBN
Normas de descripción rda
Centro/agencia modificador ES-MaACL
080 ## - NÚMERO DE LA CLASIFICACIÓN DECIMAL UNIVERSAL
Número de la Clasificación Decimal Universal 929 Lostalé, Javier
080 ## - NÚMERO DE LA CLASIFICACIÓN DECIMAL UNIVERSAL
Número de la Clasificación Decimal Universal 821.134.2-14"19/20"(082.2)
245 00 - MENCIÓN DEL TÍTULO
Título Javier Lostalé :
Resto del título en su hondo resplandor /
Mención de responsabilidad, etc. José Corredor-Matheos [y otros cuarenta y cinco]; edición de Miguel Losada.
246 0# - FORMA VARIANTE DEL TITULO
Texto de visualización Subtítulo de la cubierta :
Título propio/Titulo breve homenaje
264 #1 - PRODUCCIÓN, PUBLICACIÓN, DISTRIBUCIÓN, FABRICACIÓN Y COPYRIGHT
Producción, publicación, distribución, fabricación y copyright Madrid :
Nombre del de productor, editor, distribuidor, fabricante Libros de la Revista Áurea en colaboración con Editorial Polibea,
Fecha de producción, publicación, distribución, fabricación o copyright 2022
264 #4 - PRODUCCIÓN, PUBLICACIÓN, DISTRIBUCIÓN, FABRICACIÓN Y COPYRIGHT
Fecha de producción, publicación, distribución, fabricación o copyright ©2022
300 ## - DESCRIPCIÓN FÍSICA
Extensión 218 páginas ;
Dimensiones 21 cm
336 ## - TIPO DE CONTENIDO
Término de tipo de contenido Texto
Fuente rdacontent
337 ## - TIPO DE MEDIO
Nombre/término del tipo de medio sin mediación
Fuente rdamedia
338 ## - TIPO DE SOPORTE
Nombre/término del tipo de soporte volumen
Fuente rdacarrier
600 04 - PUNTO DE ACCESO ADICIONAL DE MATERIA--NOMBRE DE PERSONA
Nombre de persona Lostalé, Javier,
Fechas asociadas al nombre 1942-
Subdivisión de forma Homenajes
Fuente del encabezamiento o término embne
9 (RLIN) 74285
650 #4 - PUNTO DE ACCESO ADICIONAL DE MATERIA--TÉRMINO DE MATERIA
Término de materia o nombre geográfico como elemento de entrada Poesías españolas-
Subdivisión cronológica S.XX
Fuente del encabezamiento o término embne
9 (RLIN) 16221
650 #4 - PUNTO DE ACCESO ADICIONAL DE MATERIA--TÉRMINO DE MATERIA
Término de materia o nombre geográfico como elemento de entrada Poesía española-
Subdivisión cronológica S.XXI
9 (RLIN) 16222
655 #7 - TERMINO DE INDIZACIÓN--GENERO/FORMA
Datos o término principal de género/forma Poesías
Fuente del término tgfbne
9 (RLIN) 176539
655 #0 - TERMINO DE INDIZACIÓN--GENERO/FORMA
Datos o término principal de género/forma Antologías
Fuente del término tgfbne
9 (RLIN) 176540
655 #7 - TERMINO DE INDIZACIÓN--GENERO/FORMA
Datos o término principal de género/forma Homenajes
Fuente del término tgfbne
9 (RLIN) 226850
700 0# - ENTRADA AGREGADA--NOMBRE PERSONAL
Nombre de persona Lostalé, Javier,
Fechas asociadas al nombre 1942-
9 (RLIN) 74285
700 0# - ENTRADA AGREGADA--NOMBRE PERSONAL
Nombre de persona Corredor-Matheos, José,
Fechas asociadas al nombre 1929-
9 (RLIN) 40776
700 1# - ENTRADA AGREGADA--NOMBRE PERSONAL
Nombre de persona Losada, Miguel
9 (RLIN) 74261
852 ## - LOCALIZACIÓN
Ubicación ES-MaACL
Sublocalización o colección R.154870
itemnumber 200942
Ubicación en estantería Depósito J
Número de control de estantería N-9711
Donativo/Legado Donación: Miguel Losada
Encuadernación Encuadernación rústica con solapas
903 ## - NOMBRE PERSONAL DE DONANTE
9 74261
a Losada, Miguel
e Donante
942 ## - ELEMENTOS DE ENTRADA SECUNDARIOS (KOHA)
Suprimir en OPAC No
Tipo de ítem Koha Libro impreso
Holdings
Estatus retirado Estado de pérdida Fuente del sistema de clasificación o colocación Estado de daño No para préstamo Biblioteca de origen Biblioteca actual Ubicación en estantería Fecha de adquisición Fuente de adquisición Total de préstamos Signatura topográfica completa Código de barras Visto por última vez Precio de reemplazo Tipo de ítem Koha
    Clasificación decimal universal     Biblioteca del Ateneo de Madrid Biblioteca del Ateneo de Madrid Depósito J 27/11/2023 Donación   N-9711 101206222 02/01/2024 02/01/2024 Libro impreso